|
|
|
|
| LEADER |
00000ny a22000003n 4500 |
| 005 |
20110622150216.0 |
| 008 |
091223s2007 po 000 0 eng d |
| 020 |
|
|
|a 9789727491490
|
| 035 |
|
|
|a 1866
|
| 040 |
|
|
|a BUS
|d vLex
|
| 090 |
|
|
|c 1024
|d 1024
|
| 100 |
1 |
|
|a Campos, Gabriel Barbosa
|
| 245 |
1 |
3 |
|a Os Incentivos ao Serviȯ Militar
|h [Recurso electrn̤ico]
|c Gabriel Barbosa Campos
|
| 256 |
|
|
|a Servicio en ln̕ea
|
| 260 |
|
|
|a Portugal :
|b Almeida & Leitó,
|c 2007
|
| 300 |
|
|
|a p. ;
|c cm
|
| 506 |
1 |
|
|a Contenido solo disponible en los productos indicados
|d vLex Global
|d vLex Global (Academic Edition, excluding Law Schools)
|d vLex Global (U.S. Academic Edition, Law Schools)
|d vLex Global (U.S. Academic Edition, excluding Law Schools)
|d vLex Global (Academic Edition, Law Schools)
|
| 650 |
0 |
4 |
|a Incentivos en la industria
|
| 650 |
0 |
4 |
|a Servicio militar obligatorio
|
| 740 |
0 |
|
|a vLex Libros (Servicios en ln̕ea)
|
| 856 |
4 |
0 |
|u http://vlex.com/source/1866
|z Acceso restringido
|
| 942 |
|
|
|c BOOK
|